000 00387nam a2200133Ia 4500
008 151001s9999||||xx |||||||||||||| ||und||
100 _aदिलीप सालवी
245 _aएक हजार पर्यावरण प्रश्नोतरी
250 _a1
260 _bसत्साहीत्य
260 _c1999
300 _a207
365 _b21
999 _c977899
_d977896